000 01193 a2200241 4500
010 _aENG-90179-82
020 _a9788183189606
_c3200.00 (set)
035 _aEN-73712-15
037 _bDBAD / PUB
082 1 4 _a658.04903
090 _c11025
_d11025
245 1 _aEncyclopaedia of international management/
_cedited by M.H. Syed
260 _aNew Delhi
_bHimalaya Books
_c2008
270 _a"Pooja Apartments", 4-B, Murari Lal Street, Ansari Road, Darya Ganj,
_bNew Delhi
_cDelhi
_e110002
_k23270392, 23278631
_l011-23256286
_mhphdel@vsnl.com
300 _a4v. (vii,369 p.; vii,357 p.; vii,343p.; vii,357p. )
_c21 cm (Hb)
500 _aincludes bibliographical references
700 _aSyed, M.H.
942 _adpl
_cEN
_k658.04903/ ENC
999 _c10722
_d10722